FIFA FIFPro World XI 2021 - Statistics

Statistiche generali
  • Questo quiz è stato fatto 28 volte
  • Il punteggio medio è 10 su 11
Statistiche sulle risposte
Ruolo Nazione Squadra Calciatore % Corretto
Difensore Austria Bayern Monaco / Real Madrid David Alaba
100%
Portiere 'Italia Milan / Paris Saint-Germain Gianluigi Donnarumma
100%
Centrocampista Italia Chelsea Jorginho
100%
Difensore Italia Juventus Leonardo Bonucci
100%
Attaccante Portogallo Juventus / Manchester United Cristiano Ronaldo
96%
Centrocampista Belgio Manchester City Kevin De Bruyne
96%
Attaccante Norvegia Borussia Dortmund Erling Haaland
93%
Attaccante Argentina Barcellona / Paris Saint-Germain Lionel Messi
93%
Attaccante Polonia Bayern Monaco Robert Lewandowski
93%
Centrocampista Francia Chelsea N'Golo Kanté
89%
Difensore Portogallo Manchester City Rúben Dias
89%
Nessun quiz corrispondente trovato
Distribuzione punteggi
Percentuale di utenti per punteggio
Percentile per numero di risposta
I tuoi punteggi nel tempo
Non hai fatto questo quiz